00000000ngm##2200000za#4500
0019.673574
003CaOODSP
00520221104105554
007vd |v||||
008150407|2011||||xxc--- |     fq   v|fre|d
040 |aCaOODSP|bfre
041 |aeng
041 |afre
043 |an-cn---
0861 |aR62-419/2011-DVD
1102 |aParcs Canada.
24510|aTravailler ensemble - nos histoires : |h[enregistrement vidéo]|bmeilleures pratiques et leçons retenues en engagement autochtone
260 |aGatineau - Québec : |bParcs Canada |c[2011].
300 |a1 disque.
5203 |aAfin de mettre en relief les réalisations des populations autochtones et de Parcs Canada, le Secrétariat aux affaires autochtones a préparé ce recueil dans le but de partager un certain nombre de pratiques exemplaires, sur le plan de la collaboration, pour réaliser les activités de programme et les résultats stratégiques de Parcs Canada. Ce document rend hommage aux gens qui font en sorte que la collaboration et la solidarité sont un gage de succès. Il met l’accent sur les rôles et les valeurs que nous pouvons tous assumer au quotidien, dans nos rapports et nos échanges, en tant que partenaires et êtres humains qui partageons le même territoire et qui souhaitent le préserver et le protéger pour les générations futures.
590 |a12-34|b2012-08-24
7760#|tWorking together - our stories : |w(CaOODSP)9.673017
791 |tWorking together - our stories : |eeng|w(CaOODSP)9.673573